Yale historical publications. (Record no. 1777)
[ view plain ]
| 000 -LEADER | |
|---|---|
| fixed length control field | 01599cas a2200481 4500 |
| 001 - CONTROL NUMBER | |
| control field | data |
| 005 - DATE AND TIME OF LATEST TRANSACTION | |
| control field | 20260322212117.0 |
| 008 - FIXED-LENGTH DATA ELEMENTS--GENERAL INFORMATION | |
| fixed length control field | data |
| 010 ## - LIBRARY OF CONGRESS CONTROL NUMBER | |
| LC control number | sn 95007738 |
| 016 7# - NATIONAL BIBLIOGRAPHIC AGENCY CONTROL NUMBER | |
| Record control number | 011785506 |
| Source | Uk |
| 019 ## - | |
| -- | 1098699021 |
| -- | 1038151460 |
| -- | 1098699021 |
| 022 0# - INTERNATIONAL STANDARD SERIAL NUMBER | |
| International Standard Serial Number | 0084-3350 |
| Source | 1 |
| 023 0# - CLUSTER ISSN | |
| Cluster ISSN | 0084-3350 |
| Source | 1 |
| 029 1# - OTHER SYSTEM CONTROL NUMBER (OCLC) | |
| OCLC library identifier | AU@ |
| System control number | 000000947384 |
| 029 1# - OTHER SYSTEM CONTROL NUMBER (OCLC) | |
| OCLC library identifier | AU@ |
| System control number | 000012175368 |
| 029 1# - OTHER SYSTEM CONTROL NUMBER (OCLC) | |
| OCLC library identifier | NZ1 |
| System control number | 14740480 |
| 029 1# - OTHER SYSTEM CONTROL NUMBER (OCLC) | |
| OCLC library identifier | ZWZ |
| System control number | 044694989 |
| 029 1# - OTHER SYSTEM CONTROL NUMBER (OCLC) | |
| OCLC library identifier | NZ1 |
| System control number | 1586160 |
| 029 1# - OTHER SYSTEM CONTROL NUMBER (OCLC) | |
| OCLC library identifier | NLNZL |
| System control number | 9915861603502836 |
| 035 ## - SYSTEM CONTROL NUMBER | |
| System control number | (OCoLC)5337667 |
| 040 ## - CATALOGING SOURCE | |
| Original cataloging agency | YUS |
| Language of cataloging | eng |
| Transcribing agency | YUS |
| Modifying agency | OCLCQ |
| -- | NSD |
| -- | DLC |
| -- | OCL |
| -- | AAA |
| -- | OCLCQ |
| -- | UKMGB |
| -- | OCLCQ |
| -- | OCLCF |
| -- | OCL |
| -- | OCLCO |
| -- | OKS |
| -- | OCLCO |
| -- | OCLCL |
| -- | OCLCQ |
| 042 ## - AUTHENTICATION CODE | |
| Authentication code | pcc |
| -- | pcc |
| 050 00 - LIBRARY OF CONGRESS CALL NUMBER | |
| Classification number | CLASSED SEPARATELY |
| 082 10 - DEWEY DECIMAL CLASSIFICATION NUMBER | |
| Classification number | 900 |
| Edition information | 12 |
| Real World Object URI | https://id.oclc.org/worldcat/ddc/E48wq7jdPxXjCKcWbGhyfThfCY |
| 210 0# - ABBREVIATED TITLE | |
| Abbreviated title | Yale hist. publ., Misc. |
| 222 #0 - KEY TITLE | |
| Key title | Yale historical publications. Miscellany |
| 245 00 - TITLE STATEMENT | |
| Title | Yale historical publications. |
| Name of part/section of a work | Miscellany. |
| 260 ## - PUBLICATION, DISTRIBUTION, ETC. | |
| Place of publication, distribution, etc. | New Haven, Conn., |
| Name of publisher, distributor, etc. | Yale University Press, |
| Date of publication, distribution, etc. | 1914- |
| 300 ## - PHYSICAL DESCRIPTION | |
| Extent | v. |
| Other physical details | ill. |
| Dimensions | 26 cm. |
| 336 ## - CONTENT TYPE | |
| Content type term | text |
| Content type code | txt |
| Source | rdacontent |
| 337 ## - MEDIA TYPE | |
| Media type term | unmediated |
| Media type code | n |
| Source | rdamedia |
| 338 ## - CARRIER TYPE | |
| Carrier type term | volume |
| Carrier type code | nc |
| Source | rdacarrier |
| 362 0# - DATES OF PUBLICATION AND/OR SEQUENTIAL DESIGNATION | |
| Dates of publication and/or sequential designation | v. 1- |
| 650 #0 - SUBJECT ADDED ENTRY--TOPICAL TERM | |
| Topical term or geographic name entry element | History. |
| 650 #2 - SUBJECT ADDED ENTRY--TOPICAL TERM | |
| Topical term or geographic name entry element | History |
| 650 #6 - SUBJECT ADDED ENTRY--TOPICAL TERM | |
| Topical term or geographic name entry element | Histoire. |
| 650 #7 - SUBJECT ADDED ENTRY--TOPICAL TERM | |
| Topical term or geographic name entry element | history (discipline) |
| Source of heading or term | aat |
| 650 #7 - SUBJECT ADDED ENTRY--TOPICAL TERM | |
| Topical term or geographic name entry element | History. |
| Source of heading or term | fast |
| Authority record control number or standard number | (OCoLC)fst00958235 |
| 655 #7 - INDEX TERM--GENRE/FORM | |
| Genre/form data or focus term | History. |
| Source of term | fast |
| Authority record control number or standard number | (OCoLC)fst01411628 |
| 710 2# - ADDED ENTRY--CORPORATE NAME | |
| Corporate name or jurisdiction name as entry element | Yale University. |
| Subordinate unit | Department of History. |
| 776 08 - ADDITIONAL PHYSICAL FORM ENTRY | |
| Relationship information | Online version: |
| Title | Yale historical publications. Miscellany |
| Record control number | (OCoLC)794261469 |
| 906 ## - LOCAL DATA ELEMENT F, LDF (RLIN) | |
| a | 7 |
| b | cbc |
| c | serials |
| d | u |
| e | ncip |
| f | 19 |
| g | n-oclcserc |
| Withdrawn status | Lost status | Damaged status | Not for loan | Home library | Current library | Shelving location | Date acquired | Total checkouts | Full call number | Barcode | Date last seen | Price effective from | Koha item type |
|---|---|---|---|---|---|---|---|---|---|---|---|---|---|
| Franklin | Franklin | General stacks | 22/03/2026 | 900 | LOC-FRL-00013 | 22/03/2026 | 22/03/2026 | Books |